| 000 | 00465nam a22001457a 4500 | ||
|---|---|---|---|
| 082 |
_aH1 _bMAD/S |
||
| 100 |
_aMadhanmohan Upendra _946743 |
||
| 245 |
_aSuni rahom par/ _cby Madhanmohan Upendra |
||
| 260 |
_aMadhura: _bJawahar Pusthakalay, _c2002. |
||
| 300 | _a88p. | ||
| 650 |
_aPoetry Hindi _946744 |
||
| 650 |
_aLiterature Hindi _946745 |
||
| 650 |
_aLiterature _946746 |
||
| 942 | _cBK | ||
| 999 |
_c71672 _d71672 |
||